POLITICKÝ A ÚSTAVNÝ VÝVIN ČÍNY DO VYHLÁSENIA ČÍNSKEJ ĽUDOVEJ REPUBLIKY

Bibliographic Details
Main Author: Laco, Karol, 1921-2009 (Author)
Format: Article
Language:Slovak

MARC

LEADER 00000nab a2200000uu 4500
001 vtls010896453
003 SK-MaSNL
005 20260303141741.0
008 230222|1955 xo |||||||||||||||||slo|
015 |a SNBRB 
035 |a (urnnbn)urn:nbn:sk:snk:ar-006l1i 
035 |a (uuid)fd3f6f8d-840b-42b5-b37d-7aa81c1fb6ba 
035 |a urn:nbn:sk:snk-ab8p3t 
040 |a SNKBUCL  |b slo  |c SNKBUCL  |e AACR2 
041 0 |a slo 
044 |a xo  |c SK 
100 1 |a Laco, Karol,  |d 1921-2009  |4 aut  |9 38415 
245 1 0 |a POLITICKÝ A ÚSTAVNÝ VÝVIN ČÍNY DO VYHLÁSENIA ČÍNSKEJ ĽUDOVEJ REPUBLIKY  |c Karol Laco 
773 0 |t Právnické štúdie  |g Roč. 3, č. 2 (1955), s. 185-244 
954 |a odborná, vedecká literatúra pôvodná (slovenská)  |2 lita 
958 |a OND 
958 |a EUIPO 
958 |a article10 
999 |c 1978474  |d 1980404